00846nam a22002297a 4500999001900000005001700019010001500036020002800051035001400079037001300093082001000106100002300116245005900139260005700198270013400255300002500389700002200414700002000436700001400456942002400470952012200494 c187019d18701920220607103746.0 aENG-132130 a978938280831411c235.00 aEN-115662 bDBAD/PUB a005.4 aMouli, D. Chandra. aInformation Technology /cD. Chandra Mouli...[et.al]. aHyderabadbSevenHills International Publishersc2021 a#326/C,III Floor, Surneni Nilayam Near B K Guda Park, S R NayarbHyderabad e500038k91-4023710657mstudentshelpline.in@gmail.com axvi,328p.c23cm(pbk) aVenkateswarlu, T. aKhan, P. Haneef aRamesh, M 2ddccENmINFh005.4 001040708NFICaBL1bBL1d2022-03-25eDBAD/PUBg235.00l0o005.4 INFpEN-115662r2022-03-25 00:00:00t1v235.00yEN